| 000 | 00554nam a22002057a 4500 | ||
|---|---|---|---|
| 001 | 00028612 | ||
| 005 | 20260320113357.0 | ||
| 008 | 260320b ag ||||| |||| 00| 0 spa d | ||
| 020 | _a9506024375 | ||
| 040 |
_bspa _cAR-CcCEOS |
||
| 080 | _a159.9 | ||
| 090 | _bASS | ||
| 100 | 1 |
_aAssoun, Paul-Laurent, _d1948- _9943 |
|
| 245 |
_aLecciones psicoanalíticas sobre las fobias / _cPaul-Laurent Assoun |
||
| 250 | _a1ª ed. | ||
| 260 |
_aBuenos Aires : _bNueva Visión, _c2002. |
||
| 300 |
_a144 p. ; _c20x14 cm. |
||
| 650 | 0 | _aFOBIAS | |
| 942 |
_2udc _cBK |
||
| 999 |
_c28642 _d28642 |
||
| 945 |
_a66467 _bMelina Rolando _c66467 _dMelina Rolando |
||